Herramientas b sicas para el control de calidad / Víctor Rosales Mendoza (Registro nro. 17654)
[ vista simple ]
| 000 -LÍDER | |
|---|---|
| fixed length control field | 00512nam a2200133 4500 |
| 008 - ELEMENTOS DE LONGITUD FIJA -- INFORMACIÓN GENERAL | |
| fixed length control field | 02001 0a 000 0Mex |
| 050 ## - SIGNATURA TOPOGRAFICA DE LA BIBLIOTECA DEL CONGRESO (LC) | |
| Número de Clasificación | TK153 M6 R6 2001 |
| 082 ## - NUMERO DE CLASIFICACION DECIMAL DEWEY | |
| Número de Clasificación | 658.568 R6h |
| 100 ## - ASIENTO PRINCIPAL--NOMBRE PERSONAL | |
| Nombre personal | Rosales Mendoza, Víctor |
| 245 ## - TÍTULO | |
| Título | Herramientas b sicas para el control de calidad / Víctor Rosales Mendoza |
| 300 ## - DESCRIPCIÓN FÍSICA | |
| Extensión | 67 p. / 27 cm. |
| 502 ## - NOTA DE TESIS | |
| Nota de tesis | Monografía. Opción. V. I.T.Z. (ElectroMecánica) Ing. Eomán Hern ndez Aguirre |
| 650 ## - ASIENTO SECUNDARIO DE MATERIA - TERMINO TEMÁTICO | |
| Término temático o nombre geográfico como elemento de entrada | 1. SISTEMAS DE CONTROL DE CALIDAD \ 2. DIAGRAMAS DE CONTROL |
| No. biblioteca | No. biblioteca | Número de clasificación | Código de barras/Número de adquisición | Número de copia | Tipo de material |
|---|---|---|---|---|---|
| TESIS ELECTROMECÁNICA | TESIS ELECTROMECÁNICA | 658.568 R6h | E27-2001 | 1 | Tesis |
